| 000 | 01709nam a2200229Ia 4500 | ||
|---|---|---|---|
| 003 | Ost | ||
| 005 | 20260416102351.0 | ||
| 008 | 260416s9999||||xx |||||||||||||| ||und|| | ||
| 040 | _cfsecg | ||
| 041 | _aara | ||
| 082 | _a332.642 | ||
| 100 |
_aالعربي، نعيمة _eمؤلف |
||
| 245 | 0 |
_aبورصة الأوراق المالية / _c نعيمة العربي |
|
| 260 |
_aالجزائر _bجامعة الجزائر3: كلية العلوم الإقتصادية، العلوم التجارية وعلوم التسيير _c2016 |
||
| 300 |
_a203 ورقة _bايضاحات _c30 سم |
||
| 504 | _aمراجع ص.199 | ||
| 520 | _aماهية البورصات، علاقة البورصات بالمؤسسات والأسواق المالية الأخرى، وظائف البورصات، الأبعاد الادارية والنظامية لبورصة الأوراق المالية، المؤسسات المتعاملة في بورصة الأوراق المالية، الأوراق والمنتجات المالية المتداولة في بورصة الأوراق المالية، قواعد البيع والشراء في البورصة وكيفية تسعير الأوراق المالية، قياس كفاءة أسواق المال والبورصات، مؤشرات بورصة الأوراق المالية، البورصات المتقدمة والبورصات الناشئة، بورصة الأوراق المالية في الجزائر | ||
| 653 | _aالاوراق المالية | ||
| 653 | _aالبورصات | ||
| 710 |
_aجامعة الجزائر3: كلية العلوم الإقتصادية، العلوم التجارية وعلوم التسيير _eناشر علمي |
||
| 942 | _cHANDOUT | ||
| 999 |
_c40999 _d40999 |
||